Case clarifies contract liabilities (Record no. 83076)

MARC details
000 -LEADER
fixed length control field 00771cab a22001935a 4500
001 - CONTROL NUMBER
control field L152745
008 - FIXED-LENGTH DATA ELEMENTS--GENERAL INFORMATION
fixed length control field 110419e20110826xxk 000 0 eng d
035 ## - SYSTEM CONTROL NUMBER
System control number (Sirsi) u152745
041 0# - LANGUAGE CODE
Language code of text/sound track or separate title eng
100 1# - MAIN ENTRY--PERSONAL NAME
Personal name Shorter, Rebecca
245 00 - TITLE STATEMENT
Title Case clarifies contract liabilities
Remainder of title a recent judgement has addressed the issue of how contractors are liable for defective work
260 ## - PUBLICATION, DISTRIBUTION, ETC.
Date of publication, distribution, etc. 2011
490 ## - SERIES STATEMENT
Series statement Construction News
Volume/sequential designation (7213) 14 April 2011, 35(1)
520 ## - SUMMARY, ETC.
Summary, etc. The judgement of the recent Court of Appeal case of Robinson v Jones gave some much-needed guidance on concurrent liabilities under contract and tort.
590 ## - LOCAL NOTE (RLIN)
Local note KA
651 #4 - SUBJECT ADDED ENTRY--GEOGRAPHIC NAME
Geographic name United Kingdom
Chronological subdivision
690 ## - LOCAL SUBJECT ADDED ENTRY--TOPICAL TERM (OCLC, RLIN)
Topical term or geographic name as entry element BUILT ENVIRONMENT-CONSTRUCTION MANAGEMENT-BUILDING CONTRACT ADMINISTRATION
942 ## - ADDED ENTRY ELEMENTS (KOHA)
Suppress in OPAC 0
Holdings
Withdrawn status Lost status Source of classification or shelving scheme Damaged status Not for loan Home library Current library Shelving location Date acquired Total Checkouts Full call number Barcode Date last seen Copy number Price effective from Koha item type
    Dewey Decimal Classification     London London Journal article 19/04/2011   L152745 152745-1001 06/08/2019 1 06/08/2019 Journal article